[Event "Moscow Aeroflot op-A 18th"]
[Site "Moscow"]
[Date "2019.02.23"]
[Round "4"]
[White "Inarkiev, Ernesto"]
[Black "Sadhwani, Raunak"]
[Result "1/2-1/2"]
[WhiteElo "2692"]
[BlackElo "2448"]
[PlyCount "56"]
[EventDate "2019.02.20"]
[EventType "swiss"]
[EventRounds "9"]
[EventCountry "RUS"]
[SourceTitle "CBM 189"]
[Source "ChessBase"]
[SourceDate "2019.04.29"]
[SourceVersion "1"]
[SourceVersionDate "2019.04.29"]
[SourceQuality "1"]

1. e4 e5 2. Nf3 Nf6 3. Nc3 Nc6 4. Bb5 Bb4 5. O-O O-O 6. d3 Bxc3 7. bxc3 d6 8.
Bg5 Ne7 9. Bxf6 gxf6 10. d4 Ng6 11. Bd3 Kh8 12. Qd2 Rg8 13. Kh1 b6 14. Bc4 Be6
15. Bxe6 fxe6 16. Rae1 Qe8 17. Ng1 Qa4 18. Nh3 Qxa2 19. f4 exf4 20. Nxf4 Nxf4
21. Rxf4 Rg6 22. d5 Rag8 23. g3 e5 24. Rf5 Qa4 25. Qf2 Kg7 26. h4 Kh8 27. Re3
Qd7 28. Kg2 Qg7 1/2-1/2

[Event "Moscow Aeroflot op-A 18th"]
[Site "Moscow"]
[Date "2019.02.23"]
[Round "4"]
[White "Iniyan, Panneerseluam"]
[Black "Suleymenov, Alisher"]
[Result "1/2-1/2"]
[WhiteElo "2480"]
[BlackElo "2428"]
[PlyCount "138"]
[EventDate "2019.02.20"]
[EventType "swiss"]
[EventRounds "9"]
[EventCountry "RUS"]
[SourceTitle "CBM 189"]
[Source "ChessBase"]
[SourceDate "2019.04.29"]
[SourceVersion "1"]
[SourceVersionDate "2019.04.29"]
[SourceQuality "1"]

1. d4 Nf6 2. c4 c5 3. d5 g6 4. Nc3 Bg7 5. e4 d6 6. f3 O-O 7. Nge2 e6 8. Ng3 Na6
9. Be2 Nc7 10. Be3 exd5 11. cxd5 b5 12. e5 dxe5 13. Bxc5 Re8 14. Nge4 b4 15.
Nxf6+ Qxf6 16. Ne4 Qh4+ 17. g3 Qd8 18. Nd6 Bf8 19. Nxe8 Bxc5 20. Qc2 Bb6 21.
Nxc7 Bf5 22. Qc4 Rc8 23. d6 Qxd6 24. Nb5 Bf2+ 25. Kxf2 Qb6+ 26. Kg2 Rxc4 27.
Bxc4 a6 28. g4 Bxg4 29. Rad1 axb5 30. Bxf7+ Kxf7 31. fxg4 Qc6+ 32. Kg3 Kg7 33.
Rhe1 Qc7 34. Re4 Qc2 35. Rde1 Qxb2 36. R1e2 Qb1 37. Rxe5 Qg1+ 38. Kh4 Qc1 39.
Rxb5 Qf4 40. Rbe5 h5 41. R2e4 Qf2+ 42. Kh3 hxg4+ 43. Rxg4 Qxa2 44. Rb5 Qb3+ 45.
Kh4 Kh6 46. Rgxb4 Qf3 47. Rb6 Qg2 48. R4b5 Qxh2+ 49. Kg4 Qe2+ 50. Kf4 Qc4+ 51.
Ke3 Qg4 52. Kd3 Qf4 53. Kc3 Qe4 54. Rc5 Qe3+ 55. Kb4 Qd2+ 56. Kb5 Qd3+ 57. Ka5
Qa3+ 58. Kb5 Qb3+ 59. Ka5 Qa2+ 60. Kb5 Qb1+ 61. Ka5 Qe4 62. Kb5 Qe8+ 63. Ka5
Qa8+ 64. Kb5 Kh7 65. Rc7+ Kh6 66. Rcc6 Qe8 67. Kc5 Kh5 68. Rxg6 Qxg6 69. Rxg6
Kxg6 1/2-1/2

[Event "Moscow Aeroflot op-A 18th"]
[Site "Moscow"]
[Date "2019.02.23"]
[Round "4"]
[White "Iturrizaga Bonelli, Eduardo"]
[Black "Tsydypov, Zhamsaran"]
[Result "1/2-1/2"]
[WhiteElo "2640"]
[BlackElo "2547"]
[PlyCount "25"]
[EventDate "2019.02.20"]
[EventType "swiss"]
[EventRounds "9"]
[EventCountry "RUS"]
[SourceTitle "CBM 189"]
[Source "ChessBase"]
[SourceDate "2019.04.29"]
[SourceVersion "1"]
[SourceVersionDate "2019.04.29"]
[SourceQuality "1"]

1. d4 Nf6 2. Nf3 g6 3. c4 Bg7 4. Nc3 d5 5. cxd5 Nxd5 6. Bg5 c5 7. Rc1 Nxc3 8.
bxc3 Nc6 9. e3 Be6 10. Qa4 a6 11. Bd3 Rc8 12. O-O Qa5 13. Qxa5 1/2-1/2

[Event "Moscow Aeroflot op-A 18th"]
[Site "Moscow"]
[Date "2019.02.23"]
[Round "4"]
[White "Karthikeyan, Murali"]
[Black "Maghsoodloo, Parham"]
[Result "1-0"]
[WhiteElo "2560"]
[BlackElo "2666"]
[PlyCount "206"]
[EventDate "2019.02.20"]
[EventType "swiss"]
[EventRounds "9"]
[EventCountry "RUS"]
[SourceTitle "CBM 189"]
[Source "ChessBase"]
[SourceDate "2019.04.29"]
[SourceVersion "1"]
[SourceVersionDate "2019.04.29"]
[SourceQuality "1"]

1. e4 e5 2. Nf3 Nc6 3. Bb5 a6 4. Ba4 Nf6 5. O-O b5 6. Bb3 Bc5 7. c3 d6 8. a4
Rb8 9. d4 Bb6 10. a5 Ba7 11. h3 h6 12. Be3 Ra8 13. dxe5 Nxe5 14. Nxe5 dxe5 15.
Qxd8+ Kxd8 16. Bxa7 Rxa7 17. Bxf7 Nxe4 18. Re1 Nd6 19. Bd5 Re8 20. Nd2 Bd7 21.
Re2 c6 22. Bf3 Kc7 23. Rae1 Nc4 24. Bh5 Re7 25. Nxc4 bxc4 26. Re4 Rb7 27. Be2
Bf5 28. Re3 Rxb2 29. Bxc4 Kd6 30. f4 e4 31. g4 Bd7 32. Bxa6 Ra2 33. Bd3 Rxa5
34. Bxe4 Ra2 35. R1e2 Rxe2 36. Rxe2 Be6 37. Kf2 Ra7 38. f5 Bc4 39. Re3 Ra1 40.
Bf3 Rc1 41. h4 Bf7 42. Rd3+ Ke5 43. Bxc6 h5 44. Re3+ Kf6 45. g5+ Kxf5 46. Bd7+
Kg6 47. Rf3 Bd5 48. Be8+ Kh7 49. g6+ Kh6 50. Rf8 Bg8 51. Rxg8 Rc2+ 52. Ke3
Rxc3+ 53. Ke4 Rc4+ 54. Kf5 Rf4+ 55. Ke6 Re4+ 56. Kf7 Rf4+ 57. Ke7 Rf8 58. Bf7
Re8+ 59. Kd6 Rd8+ 60. Ke5 Rf8 61. Ke4 Re8+ 62. Kd5 Rd8+ 63. Ke5 Rf8 64. Bd5
Rf5+ 65. Kd6 Rf4 66. Bf7 Rd4+ 67. Ke7 Re4+ 68. Kd6 Rd4+ 69. Kc5 Rxh4 70. Kd6
Re4 71. Re8 Rd4+ 72. Ke7 Re4+ 73. Kd6 Rd4+ 74. Ke5 Rd1 75. Rh8+ Kg5 76. Rh7
Re1+ 77. Kd4 Kf6 78. Rxh5 Rd1+ 79. Kc5 Rc1+ 80. Kd6 Rd1+ 81. Kc5 Rc1+ 82. Kd4
Rd1+ 83. Ke3 Re1+ 84. Kd2 Rg1 85. Rh3 Rg2+ 86. Kd3 Rg1 87. Kd4 Rd1+ 88. Kc5 Rd8
89. Re3 Ra8 90. Re6+ Kf5 91. Rb6 Ke5 92. Kc6 Ra7 93. Rb1 Re7 94. Rf1 Ra7 95.
Bc4 Ra4 96. Kc5 Ra5+ 97. Kb4 Ra8 98. Rf7 Rh8 99. Bd3 Rd8 100. Kc3 Rg8 101. Kd2
Ke6 102. Ke3 Re8 103. Kd4 Re7 1-0

[Event "Moscow Aeroflot op-A 18th"]
[Site "Moscow"]
[Date "2019.02.23"]
[Round "4"]
[White "Khismatullin, Denis Rimovich"]
[Black "Debashis, Das"]
[Result "1/2-1/2"]
[WhiteElo "2621"]
[BlackElo "2532"]
[PlyCount "112"]
[EventDate "2019.02.20"]
[EventType "swiss"]
[EventRounds "9"]
[EventCountry "RUS"]
[SourceTitle "CBM 189"]
[Source "ChessBase"]
[SourceDate "2019.04.29"]
[SourceVersion "1"]
[SourceVersionDate "2019.04.29"]
[SourceQuality "1"]

1. c4 Nf6 2. Nf3 e6 3. Nc3 Bb4 4. Qc2 O-O 5. a3 Bxc3 6. Qxc3 d6 7. b4 e5 8. Bb2
e4 9. Ng5 Re8 10. f3 exf3 11. gxf3 Nbd7 12. f4 Nf8 13. Rg1 Ng6 14. e3 Bf5 15.
O-O-O c5 16. h4 cxb4 17. axb4 a5 18. h5 axb4 19. Qxb4 Nf8 20. h6 g6 21. Qc3
N8d7 22. e4 Bxe4 23. Bh3 Nc5 24. d3 Bc6 25. Bg4 Ba4 26. Rde1 Rxe1+ 27. Rxe1 d5
28. cxd5 Qxd5 29. Be2 Ncd7 30. Bf3 Qd6 31. Qd4 Rc8+ 32. Kd2 Rc2+ 33. Ke3 Qe7+
34. Be4 Qf8 35. Rc1 Rxc1 36. Bxc1 Bc6 37. Bb2 Qxh6 38. Qc4 Qf8 39. Bxc6 bxc6
40. Qxc6 Qe7+ 41. Kf3 h6 42. Ne4 Nxe4 43. dxe4 f6 44. e5 Kf7 45. exf6 Qe6 46.
Qb7 h5 47. Be5 Qg4+ 48. Kf2 h4 49. Qd5+ Qe6 50. Qxe6+ Kxe6 51. Kf3 Nxf6 52.
Bxf6 Kxf6 53. Kg4 h3 54. Kxh3 Kf5 55. Kg3 g5 56. fxg5 Kxg5 1/2-1/2

[Event "Moscow Aeroflot op-A 18th"]
[Site "Moscow"]
[Date "2019.02.23"]
[Round "4"]
[White "Korobov, Anton"]
[Black "Sunilduth Lyna, Narayanan"]
[Result "1/2-1/2"]
[WhiteElo "2687"]
[BlackElo "2593"]
[PlyCount "108"]
[EventDate "2019.02.20"]
[EventType "swiss"]
[EventRounds "9"]
[EventCountry "RUS"]
[SourceTitle "CBM 189"]
[Source "ChessBase"]
[SourceDate "2019.04.29"]
[SourceVersion "1"]
[SourceVersionDate "2019.04.29"]
[SourceQuality "1"]

1. d4 Nf6 2. c4 e6 3. Nc3 Bb4 4. Nf3 O-O 5. Bg5 h6 6. Bh4 c5 7. Rc1 cxd4 8.
Nxd4 d5 9. cxd5 g5 10. Bg3 Qxd5 11. a3 Bxc3+ 12. bxc3 Ne4 13. e3 e5 14. Nb5
Qxd1+ 15. Rxd1 Nc6 16. f3 Nxg3 17. hxg3 Kg7 18. Nc7 Rb8 19. Rd6 Rh8 20. e4 h5
21. Kf2 Kf8 22. Bc4 Ke7 23. Rhd1 h4 24. g4 Rd8 25. Rxd8 Nxd8 26. Nd5+ Kf8 27.
Nf6 Ne6 28. g3 hxg3+ 29. Kxg3 b5 30. Bb3 Rb7 31. Rd5 Ke7 32. Ng8+ Kf8 33. Nh6
f6 34. Nf5 Rb6 35. Rd2 Rc6 36. Rh2 Ke8 37. c4 Nf4 38. cxb5 Rc3 39. Rb2 Bxf5 40.
gxf5 Nd3 41. Rb1 Nc5 42. Bd5 Rxa3 43. Kg4 Nd3 44. b6 axb6 45. Rxb6 Ra1 46. Kh5
Nf4+ 47. Kh6 Ke7 48. Kg7 Nh5+ 49. Kg8 Nf4 50. Rb7+ Kd6 51. Kf7 Nxd5 52. exd5
Ra3 53. Kxf6 Rxf3 54. Kxg5 Kxd5 1/2-1/2

[Event "Moscow Aeroflot op-A 18th"]
[Site "Moscow"]
[Date "2019.02.23"]
[Round "4"]
[White "Lalith, Babu MR"]
[Black "Henderson de la Fuente, Lance"]
[Result "1-0"]
[WhiteElo "2556"]
[BlackElo "2490"]
[PlyCount "119"]
[EventDate "2019.02.20"]
[EventType "swiss"]
[EventRounds "9"]
[EventCountry "RUS"]
[SourceTitle "CBM 189"]
[Source "ChessBase"]
[SourceDate "2019.04.29"]
[SourceVersion "1"]
[SourceVersionDate "2019.04.29"]
[SourceQuality "1"]

1. c4 e5 2. Nc3 d6 3. g3 Be7 4. Nf3 f5 5. Bg2 Nf6 6. d4 e4 7. Ng5 c6 8. Nh3 O-O
9. d5 Nbd7 10. O-O Ne5 11. Qb3 Kh8 12. f3 exf3 13. exf3 Bd7 14. Be3 Qa5 15.
Rfe1 Qa6 16. Bd4 Rae8 17. f4 Neg4 18. Kh1 h6 19. Bg1 Bd8 20. Bf1 c5 21. Bd3 g6
22. Nf2 Nxf2+ 23. Bxf2 Qb6 24. Qc2 Qc7 25. h3 a6 26. a4 Nh5 27. Kh2 Bf6 28. a5
Bg7 29. Na4 Rxe1 30. Bxe1 Bxa4 31. Rxa4 Qe7 32. Bf2 Nf6 33. Ra1 Re8 34. Re1 Ne4
35. Kg2 Kh7 36. Bxe4 fxe4 37. Qd2 Qf6 38. Re2 h5 39. Be3 Re7 40. b4 cxb4 41.
Qxb4 Rd7 42. Qa4 Re7 43. c5 dxc5 44. Bxc5 Rc7 45. Bb6 Rc3 46. Qxe4 h4 47. gxh4
Qxh4 48. Be3 Qd8 49. Rd2 Qxa5 50. f5 gxf5 51. Qxf5+ Kh8 52. Qh5+ Kg8 53. Qe8+
Kh7 54. Qe4+ Kh8 55. d6 Rc8 56. Qh4+ Kg8 57. d7 Rd8 58. Qc4+ Kh7 59. Rd5 Qa1
60. Qe4+ 1-0

[Event "Moscow Aeroflot op-A 18th"]
[Site "Moscow"]
[Date "2019.02.23"]
[Round "4"]
[White "Lobanov, Sergei"]
[Black "Chen, Qi B"]
[Result "1-0"]
[WhiteElo "2526"]
[BlackElo "2443"]
[PlyCount "47"]
[EventDate "2019.02.20"]
[EventType "swiss"]
[EventRounds "9"]
[EventCountry "RUS"]
[SourceTitle "CBM 189"]
[Source "ChessBase"]
[SourceDate "2019.04.29"]
[SourceVersion "1"]
[SourceVersionDate "2019.04.29"]
[SourceQuality "1"]

1. e4 e5 2. Nf3 Nc6 3. Bc4 Bc5 4. c3 Nf6 5. d3 O-O 6. O-O d6 7. Bb3 a6 8. h3 h6
9. Re1 Re8 10. Nbd2 Be6 11. Bc2 Ba7 12. Nf1 d5 13. exd5 Nxd5 14. Ng3 Qf6 15.
Nh5 Qd8 16. Nxe5 Bxh3 17. Nxc6 Rxe1+ 18. Qxe1 bxc6 19. Qe5 Qf8 20. Qg3 Re8 21.
Bxh6 Re2 22. d4 Rxc2 23. Bxg7 Qc8 24. gxh3 1-0

[Event "Moscow Aeroflot op-A 18th"]
[Site "Moscow"]
[Date "2019.02.23"]
[Round "4"]
[White "Lomasov, Semen"]
[Black "Vokhidov, Shamsiddin"]
[Result "1/2-1/2"]
[WhiteElo "2559"]
[BlackElo "2494"]
[PlyCount "73"]
[EventDate "2019.02.20"]
[EventType "swiss"]
[EventRounds "9"]
[EventCountry "RUS"]
[SourceTitle "CBM 189"]
[Source "ChessBase"]
[SourceDate "2019.04.29"]
[SourceVersion "1"]
[SourceVersionDate "2019.04.29"]
[SourceQuality "1"]

1. e4 e5 2. Nf3 Nc6 3. Bc4 Bc5 4. c3 Nf6 5. d4 exd4 6. e5 d5 7. Bb5 Ne4 8. cxd4
Bb6 9. Nc3 O-O 10. Be3 Bg4 11. h3 Bh5 12. Qc2 Bg6 13. Qb3 Ne7 14. O-O c6 15.
Bd3 Nxc3 16. Qxc3 Bxd3 17. Qxd3 Ng6 18. Ng5 Qd7 19. f4 f6 20. exf6 gxf6 21. Nf3
Ne7 22. Nh4 Rae8 23. Bd2 Kh8 24. Rae1 Rg8 25. a4 a6 26. a5 Ba7 27. Kh1 Nc8 28.
Bb4 Nd6 29. Bxd6 Qxd6 30. Nf5 Qd7 31. g4 Bb8 32. Kg2 Rxe1 33. Rxe1 Re8 34.
Rxe8+ Qxe8 35. Kf3 Bc7 36. b4 Qe1 37. g5 1/2-1/2

[Event "Moscow Aeroflot op-A 18th"]
[Site "Moscow"]
[Date "2019.02.23"]
[Round "4"]
[White "Murzin, Volodar"]
[Black "Yuffa, Daniil"]
[Result "1/2-1/2"]
[WhiteElo "2337"]
[BlackElo "2578"]
[PlyCount "95"]
[EventDate "2019.02.20"]
[EventType "swiss"]
[EventRounds "9"]
[EventCountry "RUS"]
[SourceTitle "CBM 189"]
[Source "ChessBase"]
[SourceDate "2019.04.29"]
[SourceVersion "1"]
[SourceVersionDate "2019.04.29"]
[SourceQuality "1"]

1. e4 Nf6 2. e5 Nd5 3. d4 d6 4. Nf3 g6 5. Bc4 Nb6 6. Bb3 Bg7 7. O-O O-O 8. c3
a5 9. a4 Na6 10. Re1 dxe5 11. Nxe5 e6 12. Na3 c5 13. Nb5 cxd4 14. Nxd4 Nc5 15.
Bc2 Qd5 16. Qe2 Nbd7 17. Bf4 Nxe5 18. Bxe5 b6 19. Bxg7 Kxg7 20. Rad1 Qg5 21.
Nf3 Qf6 22. Rd6 Rb8 23. Qe5 Bd7 24. b4 Bxa4 25. bxc5 Bxc2 26. cxb6 Rfc8 27.
Qxa5 Qxc3 28. Qe5+ Qxe5 29. Nxe5 Ba4 30. Ra1 Be8 31. Nd3 Kf6 32. Rb1 Ke7 33.
Rd4 Rc3 34. h3 Rb7 35. Nc1 Bc6 36. Na2 Rc5 37. Rdb4 Rg5 38. g3 Rc5 39. Nc1 Kd6
40. Nb3 Rd5 41. Nd4 Bd7 42. Nc2 Bc6 43. Nd4 Bd7 44. Nc2 Bc6 45. Nd4 Bd7 46. Nc2
Bc6 47. Nd4 Bd7 48. Nc2 1/2-1/2

[Event "Moscow Aeroflot op-A 18th"]
[Site "Moscow"]
[Date "2019.02.23"]
[Round "4"]
[White "Narayanan, Srinath"]
[Black "Karthik, Venkataraman"]
[Result "1-0"]
[WhiteElo "2572"]
[BlackElo "2494"]
[PlyCount "65"]
[EventDate "2019.02.20"]
[EventType "swiss"]
[EventRounds "9"]
[EventCountry "RUS"]
[SourceTitle "CBM 189"]
[Source "ChessBase"]
[SourceDate "2019.04.29"]
[SourceVersion "1"]
[SourceVersionDate "2019.04.29"]
[SourceQuality "1"]

1. e4 c5 2. Nf3 a6 3. Nc3 d6 4. d4 cxd4 5. Nxd4 Nf6 6. h3 e6 7. g4 Nfd7 8. Bg2
Be7 9. Be3 Nc6 10. h4 O-O 11. g5 Rb8 12. f4 Nxd4 13. Qxd4 b5 14. Qd2 Bb7 15.
Ne2 Qc7 16. O-O Rfd8 17. f5 exf5 18. exf5 Bxg2 19. Kxg2 Qb7+ 20. Kg1 Ne5 21.
Nd4 Nc4 22. Qf2 Re8 23. Rae1 Bf8 24. b3 Nxe3 25. Rxe3 Re4 26. Rxe4 Qxe4 27. Qf4
Re8 28. f6 gxf6 29. gxf6 d5 30. h5 h6 31. c3 Rc8 32. Qg3+ Kh7 33. Re1 1-0

[Event "Moscow Aeroflot op-A 18th"]
[Site "Moscow"]
[Date "2019.02.23"]
[Round "4"]
[White "Nihal, Sarin"]
[Black "Ganguly, Surya Shekhar"]
[Result "1/2-1/2"]
[WhiteElo "2578"]
[BlackElo "2636"]
[PlyCount "50"]
[EventDate "2019.02.20"]
[EventType "swiss"]
[EventRounds "9"]
[EventCountry "RUS"]
[SourceTitle "CBM 189"]
[Source "ChessBase"]
[SourceDate "2019.04.29"]
[SourceVersion "1"]
[SourceVersionDate "2019.04.29"]
[SourceQuality "1"]

1. Nf3 d5 2. d4 Nf6 3. c4 e6 4. Nc3 Bb4 5. Bg5 dxc4 6. e4 h6 7. Bxf6 Qxf6 8.
Bxc4 c5 9. O-O cxd4 10. Nb5 Qe7 11. Qxd4 O-O 12. Nxa7 Bc5 13. Nxc8 Rxc8 14. Qd3
Nc6 15. Qe2 Nd4 16. Nxd4 Bxd4 17. Bb3 Qf6 18. Rab1 Kh8 19. Kh1 g5 20. g3 Be5
21. Kg2 Rc7 22. Rbd1 Rd8 23. Rxd8+ Qxd8 24. Rd1 Qf6 25. Qf3 Bxb2 1/2-1/2

[Event "Moscow Aeroflot op-A 18th"]
[Site "Moscow"]
[Date "2019.02.23"]
[Round "4"]
[White "Paravyan, David"]
[Black "Puranik, Abhimanyu Sameer"]
[Result "1/2-1/2"]
[WhiteElo "2627"]
[BlackElo "2538"]
[PlyCount "82"]
[EventDate "2019.02.20"]
[EventType "swiss"]
[EventRounds "9"]
[EventCountry "RUS"]
[SourceTitle "CBM 189"]
[Source "ChessBase"]
[SourceDate "2019.04.29"]
[SourceVersion "1"]
[SourceVersionDate "2019.04.29"]
[SourceQuality "1"]

1. d4 Nf6 2. c4 g6 3. g3 c6 4. Bg2 d5 5. Qa4 Bg7 6. cxd5 O-O 7. dxc6 Nxc6 8.
Nf3 Nd7 9. Qd1 Nb6 10. O-O Nxd4 11. Nxd4 Qxd4 12. Qxd4 Bxd4 13. Nc3 Bd7 14.
Bxb7 Rab8 15. Bf3 Na4 16. Rd1 e5 17. Nd5 Kg7 18. Rb1 Bf5 19. e4 Be6 20. Kg2
Bxb2 21. h4 Bxc1 22. Rdxc1 Rxb1 23. Rxb1 Bxd5 24. exd5 Nb6 25. Rb5 f5 26. Bd1
Kf6 27. a4 Rd8 28. Bb3 Rd7 29. Rc5 Rd6 30. Rc7 a6 31. Rxh7 Nxd5 32. h5 gxh5 33.
Rh6+ Ke7 34. Rxh5 Kf6 35. Rh6+ Ke7 36. Rxd6 Kxd6 37. Kh3 Nc3 38. Kh4 Ne4 39. f4
a5 40. Bc2 exf4 41. gxf4 Ke6 1/2-1/2

[Event "Moscow Aeroflot op-A 18th"]
[Site "Moscow"]
[Date "2019.02.23"]
[Round "4"]
[White "Petrosian, Tigran L"]
[Black "Zvjaginsev, Vadim"]
[Result "1/2-1/2"]
[WhiteElo "2595"]
[BlackElo "2642"]
[PlyCount "23"]
[EventDate "2019.02.20"]
[EventType "swiss"]
[EventRounds "9"]
[EventCountry "RUS"]
[SourceTitle "CBM 189"]
[Source "ChessBase"]
[SourceDate "2019.04.29"]
[SourceVersion "1"]
[SourceVersionDate "2019.04.29"]
[SourceQuality "1"]

1. Nf3 g6 2. d4 Nf6 3. Nc3 d5 4. Bf4 a6 5. e3 Bg7 6. h3 c5 7. Bd3 O-O 8. O-O
Nc6 9. a3 Re8 10. Bh2 c4 11. Be2 e6 12. Ne5 1/2-1/2

[Event "Moscow Aeroflot op-A 18th"]
[Site "Moscow"]
[Date "2019.02.23"]
[Round "4"]
[White "Petrosyan, Manuel"]
[Black "Grachev, Boris V"]
[Result "1-0"]
[WhiteElo "2564"]
[BlackElo "2626"]
[PlyCount "107"]
[EventDate "2019.02.20"]
[EventType "swiss"]
[EventRounds "9"]
[EventCountry "RUS"]
[SourceTitle "CBM 189"]
[Source "ChessBase"]
[SourceDate "2019.04.29"]
[SourceVersion "1"]
[SourceVersionDate "2019.04.29"]
[SourceQuality "1"]

1. e4 c5 2. Nf3 e6 3. g3 Nc6 4. Bg2 Nf6 5. Qe2 d6 6. O-O Be7 7. e5 dxe5 8. Nxe5
Nxe5 9. Qxe5 O-O 10. Nc3 Ng4 11. Qe2 Nh6 12. g4 f5 13. h3 fxg4 14. hxg4 Bd6 15.
Bh3 Qh4 16. Kg2 Rf4 17. d4 Rxg4+ 18. Bxg4 Qh2+ 19. Kf3 Nxg4 20. Qd3 Qh5 21. Kg2
Qh2+ 22. Kf3 c4 23. Qxc4 Qh5 24. Kg2 Nh2 25. f4 Nxf1 26. Qe2 Qg6+ 27. Kxf1 e5
28. Qg2 Qh5 29. Qd5+ Kh8 30. Qxd6 Bh3+ 31. Ke1 Qh4+ 32. Kd1 Bg4+ 33. Ne2 e4 34.
Qa3 e3 35. Qxe3 Bh5 36. Qg1 Re8 37. Be3 Qe7 38. Kd2 Bxe2 39. Kxe2 Qb4 40. Rd1
Qxb2 41. Rd2 Qxa2 42. Qg2 a5 43. d5 Qa3 44. Qf3 Qd6 45. Qh5 Qd7 46. d6 a4 47.
Rd5 Rf8 48. Qe5 a3 49. Qe7 Qg4+ 50. Kf2 Rxf4+ 51. Bxf4 Qxf4+ 52. Ke2 Qg4+ 53.
Kd2 Qb4+ 54. Kd3 1-0

[Event "Moscow Aeroflot op-A 18th"]
[Site "Moscow"]
[Date "2019.02.23"]
[Round "4"]
[White "Pourramezanali, Amirreza"]
[Black "Prithu, Gupta"]
[Result "1/2-1/2"]
[WhiteElo "2529"]
[BlackElo "2470"]
[PlyCount "84"]
[EventDate "2019.02.20"]
[EventType "swiss"]
[EventRounds "9"]
[EventCountry "RUS"]
[SourceTitle "CBM 189"]
[Source "ChessBase"]
[SourceDate "2019.04.29"]
[SourceVersion "1"]
[SourceVersionDate "2019.04.29"]
[SourceQuality "1"]

1. e4 e5 2. Nf3 Nc6 3. Bc4 Nf6 4. d3 Bc5 5. c3 O-O 6. Bg5 Be7 7. a4 d5 8. Bxf6
dxc4 9. Bxe7 Qxe7 10. dxc4 Bg4 11. h3 Rad8 12. Nbd2 Be6 13. Qe2 a5 14. O-O f6
15. Rfd1 Qc5 16. b3 Qb6 17. Rab1 Ne7 18. Nf1 Ng6 19. Rxd8 Rxd8 20. Rd1 Re8 21.
Qc2 Nf4 22. Ne3 c6 23. Rd6 Qc5 24. Qd2 Qa3 25. Rd8 Kf7 26. Nh4 Qc1+ 27. Kh2 Ne2
28. Nd1 Qxd2 29. Rxd2 Nc1 30. Rb2 Nd3 31. Rb1 Nc5 32. b4 Nxe4 33. c5 Ra8 34.
Ra1 Bb3 35. f3 Bxd1 36. fxe4 Bc2 37. Nf5 axb4 38. cxb4 Rxa4 39. Rxa4 Bxa4 40.
Nd6+ Ke6 41. Nxb7 Bc2 42. Nd6 g6 1/2-1/2

[Event "Moscow Aeroflot op-A 18th"]
[Site "Moscow"]
[Date "2019.02.23"]
[Round "4"]
[White "Praggnanandhaa, Rameshbabu"]
[Black "Raja, Rithvik R"]
[Result "1/2-1/2"]
[WhiteElo "2532"]
[BlackElo "2443"]
[PlyCount "104"]
[EventDate "2019.02.20"]
[EventType "swiss"]
[EventRounds "9"]
[EventCountry "RUS"]
[SourceTitle "CBM 189"]
[Source "ChessBase"]
[SourceDate "2019.04.29"]
[SourceVersion "1"]
[SourceVersionDate "2019.04.29"]
[SourceQuality "1"]

1. e4 e5 2. Nf3 Nc6 3. Bb5 a6 4. Ba4 Nf6 5. d3 b5 6. Bb3 Bc5 7. Nc3 d6 8. Nd5
h6 9. c3 Rb8 10. O-O O-O 11. d4 Ba7 12. Be3 Ng4 13. dxe5 Nxe3 14. fxe3 Nxe5 15.
Nxe5 dxe5 16. Qh5 Be6 17. Kh1 Bxd5 18. Bxd5 Qe7 19. Rf3 Kh8 20. Raf1 f6 21. Rh3
Rbd8 22. Qg6 f5 23. Qxa6 Bxe3 24. Rhf3 f4 25. Qxb5 Rb8 26. Qe2 Rfd8 27. Rh3 c6
28. Bb3 Rd2 29. Qg4 Rbd8 30. Qg6 R2d6 31. Qg4 Rd2 32. Rh5 Rxb2 33. h4 Rbd2 34.
Rf5 Rf8 35. Rxf8+ Qxf8 36. Rd1 Rxd1+ 37. Qxd1 Qe7 38. Qg4 Qd8 39. Kh2 Bf2 40.
h5 Kh7 41. Bf7 Bg3+ 42. Kh3 Kh8 43. a4 Be1 44. Bc4 Bxc3 45. Qg6 c5 46. Be6 Be1
47. Kg4 f3 48. g3 f2 49. Bc4 Qd1+ 50. Kh3 Qxa4 51. Qf7 Qa8 52. Bd5 Qd8 1/2-1/2

[Event "Moscow Aeroflot op-A 18th"]
[Site "Moscow"]
[Date "2019.02.23"]
[Round "4"]
[White "Santos Ruiz, Miguel"]
[Black "Sethuraman, SP."]
[Result "1/2-1/2"]
[WhiteElo "2554"]
[BlackElo "2651"]
[PlyCount "57"]
[EventDate "2019.02.20"]
[EventType "swiss"]
[EventRounds "9"]
[EventCountry "RUS"]
[SourceTitle "CBM 189"]
[Source "ChessBase"]
[SourceDate "2019.04.29"]
[SourceVersion "1"]
[SourceVersionDate "2019.04.29"]
[SourceQuality "1"]

1. d4 d5 2. c4 e6 3. Nc3 Bb4 4. cxd5 exd5 5. Bf4 c6 6. e3 Bf5 7. Qb3 Qe7 8. a3
Ba5 9. Qa4 Qd8 10. b4 Bb6 11. Nf3 Nf6 12. Be2 O-O 13. O-O Nbd7 14. Qb3 Be6 15.
Qc2 h6 16. h3 Re8 17. Rac1 Qe7 18. Qb2 Rec8 19. Rfd1 Bc7 20. Bxc7 Rxc7 21. Bd3
Rcc8 22. b5 c5 23. dxc5 Nxc5 24. Be2 Rc7 25. Nd4 Rac8 26. Rc2 Ncd7 27. Rdc1 Nb6
28. Qb3 Qd7 29. Na4 1/2-1/2

[Event "Moscow Aeroflot op-A 18th"]
[Site "Moscow"]
[Date "2019.02.23"]
[Round "4"]
[White "Sarana, Alexey"]
[Black "Aleksandrov, Aleksej"]
[Result "1/2-1/2"]
[WhiteElo "2630"]
[BlackElo "2574"]
[PlyCount "33"]
[EventDate "2019.02.20"]
[EventType "swiss"]
[EventRounds "9"]
[EventCountry "RUS"]
[SourceTitle "CBM 189"]
[Source "ChessBase"]
[SourceDate "2019.04.29"]
[SourceVersion "1"]
[SourceVersionDate "2019.04.29"]
[SourceQuality "1"]

1. d4 Nf6 2. c4 e6 3. Nf3 d5 4. Nc3 Bb4 5. Bg5 dxc4 6. e4 c5 7. Bxc4 cxd4 8.
Nxd4 Bxc3+ 9. bxc3 Qa5 10. Bb5+ Nbd7 11. Bxf6 Qxc3+ 12. Kf1 gxf6 13. h4 Qb4 14.
Rh3 a6 15. Be2 Qd6 16. Rc1 Ne5 17. h5 1/2-1/2

[Event "Moscow Aeroflot op-A 18th"]
[Site "Moscow"]
[Date "2019.02.23"]
[Round "4"]
[White "Sargsyan, Shant"]
[Black "Jumabayev, Rinat"]
[Result "1-0"]
[WhiteElo "2488"]
[BlackElo "2604"]
[PlyCount "67"]
[EventDate "2019.02.20"]
[EventType "swiss"]
[EventRounds "9"]
[EventCountry "RUS"]
[SourceTitle "CBM 189"]
[Source "ChessBase"]
[SourceDate "2019.04.29"]
[SourceVersion "1"]
[SourceVersionDate "2019.04.29"]
[SourceQuality "1"]

1. Nf3 c5 2. c4 Nf6 3. d4 cxd4 4. Nxd4 e5 5. Nb5 d5 6. cxd5 Bc5 7. g3 O-O 8.
N5c3 Qb6 9. e3 e4 10. Nd2 Bb4 11. Bg2 Bf5 12. O-O Re8 13. Nc4 Qa6 14. Qb3 Bxc3
15. bxc3 Rc8 16. Nd2 Nbd7 17. c4 Ne5 18. Bb2 Nxc4 19. Nxc4 Qxc4 20. Bxf6 Qxb3
21. axb3 gxf6 22. d6 Rc3 23. Rfb1 a5 24. Ra4 Bd7 25. Rd4 f5 26. g4 fxg4 27.
Bxe4 Ra7 28. Rc4 Rxc4 29. bxc4 Bc6 30. Bxc6 bxc6 31. Rb6 a4 32. Rxc6 a3 33. Rc7
Ra8 34. d7 1-0